Koncepčný návrh postrekovacieho zariadenia pre traktor výkonovej kategórie 60kW

Enregistré dans:
Détails bibliographiques
Auteur principal: Csery, Štefan (Auteur)
Autres auteurs: Gulan, Ladislav (Directeur de thèse)
Format: Manuscrit Livre
Langue:slovaque
Publié: 2025
Sujets:
Accès en ligne:http://is.stuba.sk/zp/portal_zp.pl?podrobnosti=184785
Tags: Ajouter un tag
Pas de tags, Soyez le premier à ajouter un tag!

MARC

LEADER 00000ntm a22000003a 4500
001 stuzp105368
003 SK-STU
005 20250621210518.4
007 ta
008 150427s2015----xo-----f-mn---000-0-slo-d
040 |a STU  |b slo 
041 0 |a slo 
100 1 |a Csery, Štefan  |u 020030  |4 aut  |U SjF Strojnícka fakulta  |T SjF Ústav automobilového inžinierstva a konštruovania  |X 103952  |U J0030  |Y 806  |7 103952 
242 0 1 |a Conceptual design of a spraying device for a tractor with a power category of 60kW  |y eng 
245 1 0 |a Koncepčný návrh postrekovacieho zariadenia pre traktor výkonovej kategórie 60kW 
260 |c 2025 
650 4 |a poľnohospodárstvo  |2 slo 
650 4 |a traktor  |2 slo 
650 4 |a postrekovač  |2 slo 
650 4 |a tractor  |2 eng 
650 4 |a agriculture  |2 eng 
650 4 |a agricultural sprayer  |2 eng 
700 1 |a Gulan, Ladislav  |u 020030  |k Z1  |4 ths  |U SjF Strojnícka fakulta  |T SjF Ústav automobilového inžinierstva a konštruovania  |X 2356  |U J0030  |Y 806  |7 A000002356 
856 4 |u http://is.stuba.sk/zp/portal_zp.pl?podrobnosti=184785